Statistics for Body Part Words Quiz

Click here to take the quiz!

General Stats

  • This quiz has been taken 98,982 times
  • The average score is 13 of 20

Answer Stats

DescriptionBody Part% Correct
Another word for the backboneSpine
84%
Thigh boneFemur
80%
Seemingly useless organ near
the intestines
Appendix
76%
Organ that produces insulinPancreas
73%
Tube that brings food to the stomachEsophagus
72%
Belly buttonNavel
72%
Largest artery in the bodyAorta
70%
The individuals bones which
make up the above
Vetrebra
70%
Bone at the center of the chestSternum
68%
Back of the neckNape
62%
KneecapPatella
61%
Lower jaw boneMandible
61%
Back of the eyeball that senses lightRetina
61%
Bottom of the footSole
59%
Bile storage organGallbladder
58%
CollarboneClavicle
54%
That weird thing that hangs down
above your throat
Uvula
54%
TailboneCoccyx
53%
Front teethIncisors
50%
Blood storage organSpleen
42%

Score Distribution

Percentile by Number Answered

Percent of People with Each Score

Your Score History

You have not taken this quiz